[Event "Oberliga Bayern 2122"]
[Site "Bayern"]
[Date "2022.05.08"]
[Round "8.7"]
[White "Heubusch, Michael"]
[Black "Opitz, Benjamin"]
[Result "1/2-1/2"]
[WhiteElo "2056"]
[BlackElo "2012"]
[PlyCount "124"]
[EventDate "2021.10.24"]
[EventType "team-tourn"]
[EventRounds "9"]
[EventCountry "GER"]
[SourceTitle "EXT 2024"]
[Source "ChessBase"]
[SourceDate "2023.10.10"]
[SourceVersion "1"]
[SourceVersionDate "2023.10.10"]
[SourceQuality "1"]
[WhiteTeam "Pang/Rosenheim"]
[BlackTeam "Bindlach Aktionaer"]
[WhiteTeamCountry "GER"]
[BlackTeamCountry "GER"]

1. d4 d5 2. c4 c6 3. Nf3 Nf6 4. Nc3 dxc4 5. a4 Bf5 6. e3 e6 7. Bxc4 Bb4 8. 0-0 Nbd7 9. h3 0-0 10. Nh4 a5 11. Qf3 Nb6 12. Bb3 Bd3 13. Rd1 Bc4 14. Bxc4 Nxc4 15. e4 Be7 16. g3 Nd7 17. Ng2 Ndb6 18. b3 Nd6 19. Bb2 Qb8 20. Ne3 Rd8 21. h4 Qa7 22. e5 Ne8 23. Ne4 h6 24. h5 Nd5 25. Ng4 Rac8 26. Rac1 Bf8 27. Kg2 b6 28. Ne3 c5 29. Nxd5 Rxd5 30. dxc5 Rxd1 31. cxb6 Qxb6 32. Rxc8 Rd8 33. Rxd8 Qxd8 34. Nc3 Qd4 35. Qe4 Qb6 36. Nb5 Nc7 37. Bd4 Bc5 38. Bxc5 Qxc5 39. Qc4 Qxc4 40. bxc4 Na6 41. Nd4 Nc5 42. Nc6 Nxa4 43. Nxa5 Kf8 44. Kf3 Ke7 45. Ke3 g6 46. g4 gxh5 47. gxh5 f6 48. Kd4 fxe5+ 49. Kxe5 Nc5 50. Nc6+ Kd7 51. Nd4 Nd3+ 52. Kf6 Nf4 53. Ke5 Nd3+ 54. Kf6 Nf4 55. Nxe6 Nxe6 56. Kg6 Ke7 57. Kxh6 Kf6 58. Kh7 Kf7 59. Kh6 Kf6 60. Kh7 Kf7 61. Kh8 Kf8 62. Kh7 Kf7 1/2-1/2

[Event "Oberliga Bayern 1920"]
[Site "Bayern"]
[Date "2020.01.19"]
[Round "5.8"]
[White "Heubusch, Michael"]
[Black "Moser, Wolfgang"]
[Result "1/2-1/2"]
[WhiteElo "2030"]
[BlackElo "2016"]
[PlyCount "27"]
[EventDate "2019.10.20"]
[EventType "team-tourn"]
[EventRounds "9"]
[EventCountry "GER"]
[SourceTitle "EXT 2021"]
[Source "ChessBase"]
[SourceDate "2020.10.23"]
[SourceVersion "1"]
[SourceVersionDate "2020.10.23"]
[SourceQuality "1"]
[WhiteTeam "Pang/Rosenheim"]
[BlackTeam "Trostberg"]
[WhiteTeamCountry "GER"]
[BlackTeamCountry "GER"]

1. d4 Nf6 2. c4 g6 3. Nc3 d5 4. cxd5 Nxd5 5. e4 Nxc3 6. bxc3 Bg7 7. Be3 0-0 8. Qd2 c5 9. Rc1 Qa5 10. d5 Nd7 11. h3 b6 12. Nf3 Bb7 13. c4 Qxd2+ 14. Nxd2 1/2-1/2

[Event "Oberliga Bayern 1920"]
[Site "Bayern"]
[Date "2019.11.24"]
[Round "3.8"]
[White "Heubusch, Michael"]
[Black "Depner, Daniel"]
[Result "1/2-1/2"]
[WhiteElo "2030"]
[BlackElo "1959"]
[PlyCount "88"]
[EventDate "2019.10.20"]
[EventType "team-tourn"]
[EventRounds "9"]
[EventCountry "GER"]
[SourceTitle "EXT 2021"]
[Source "ChessBase"]
[SourceDate "2020.10.23"]
[SourceVersion "1"]
[SourceVersionDate "2020.10.23"]
[SourceQuality "1"]
[WhiteTeam "Pang/Rosenheim"]
[BlackTeam "Regensburg Post/Sued"]
[WhiteTeamCountry "GER"]
[BlackTeamCountry "GER"]

1. d4 Nf6 2. c4 Nc6 3. Nf3 e6 4. g3 Bb4+ 5. Bd2 Qe7 6. a3 Bxd2+ 7. Qxd2 d6 8. Bg2 e5 9. d5 Nb8 10. Nc3 Nbd7 11. b4 0-0 12. 0-0 Ne8 13. e4 b6 14. Ne1 f5 15. exf5 Rxf5 16. Nd3 Rf8 17. Rae1 Ba6 18. b5 Bb7 19. f4 g6 20. Bh3 Ng7 21. Bxd7 Qxd7 22. fxe5 Rxf1+ 23. Rxf1 dxe5 24. Qg5 Rf8 25. Rxf8+ Kxf8 26. Qf6+ Qf7 27. Qxe5 Bc8 28. Ne4 Nf5 29. Qh8+ Qg8 30. Qf6+ Qf7 31. Qd8+ Qe8 32. Qxc7 Qxe4 33. Qxc8+ Kg7 34. Qc7+ Kf6 35. Qd8+ Kg7 36. Qc7+ Kf6 37. Nf2 Qe1+ 38. Kg2 Qe2 39. Qd8+ Kg7 40. Qc7+ Kf6 41. Qd8+ Kg7 42. Qc7+ Kf6 43. Qf4 Kg7 44. Qc7+ Kf6 1/2-1/2

[Event "Oberliga Bayern 1920"]
[Site "Bayern"]
[Date "2019.10.20"]
[Round "1.7"]
[White "Lochte, Thomas"]
[Black "Heubusch, Michael"]
[Result "1/2-1/2"]
[WhiteElo "2006"]
[BlackElo "2030"]
[PlyCount "30"]
[EventDate "2019.10.20"]
[EventType "team-tourn"]
[EventRounds "9"]
[EventCountry "GER"]
[SourceTitle "EXT 2022"]
[Source "ChessBase"]
[SourceDate "2021.10.06"]
[SourceVersion "1"]
[SourceVersionDate "2021.10.06"]
[SourceQuality "1"]
[WhiteTeam "Weilheim"]
[BlackTeam "Pang/Rosenheim"]
[WhiteTeamCountry "GER"]
[BlackTeamCountry "GER"]

1. e4 d6 2. d4 Nf6 3. Nc3 g6 4. Be2 Bg7 5. Be3 c6 6. Qd2 Qa5 7. a3 Nbd7 8. h3 b5 9. b4 Qc7 10. Nf3 Bb7 11. 0-0 0-0 12. Bh6 a6 13. Qg5 e5 14. dxe5 dxe5 15. Rad1 c5 1/2-1/2

[Event "Oberbayern Bezirksliga 1617"]
[Site "Germany"]
[Date "2016.10.16"]
[Round "1.3"]
[White "Schweiger, Georg"]
[Black "Heubusch, Michael"]
[Result "1/2-1/2"]
[WhiteElo "2035"]
[BlackElo "2041"]
[PlyCount "48"]
[EventDate "2016.10.16"]
[EventType "team-tourn"]
[EventRounds "9"]
[EventCountry "GER"]
[SourceTitle "EXT 2019"]
[Source "ChessBase"]
[SourceDate "2018.10.10"]
[SourceVersion "1"]
[SourceVersionDate "2018.10.10"]
[SourceQuality "1"]
[WhiteTeam "Ebersberg Grafing"]
[BlackTeam "Pang/Rosenheim"]
[WhiteTeamCountry "GER"]
[BlackTeamCountry "GER"]

1. d4 Nf6 2. Nc3 g6 3. Bf4 d6 4. Qd2 c6 5. Bh6 Bxh6 6. Qxh6 Bf5 7. Qd2 b5 8. f3 d5 9. g4 Bc8 10. h4 h5 11. g5 Nfd7 12. Bh3 Nb6 13. b3 Qd6 14. e4 Qg3+ 15. Kf1 Bxh3+ 16. Rxh3 Qc7 17. Re1 0-0 18. f4 e6 19. f5 b4 20. Nd1 dxe4 21. f6 c5 22. Rxe4 cxd4 23. Nf3 Nc6 24. Nxd4 Rfd8 1/2-1/2

[Event "Regionalliga SO 1112"]
[Site "Bayern"]
[Date "2012.03.18"]
[Round "8.4"]
[White "Heubusch, Michael"]
[Black "Uhlmann, Helge"]
[Result "1-0"]
[WhiteElo "2127"]
[BlackElo "2053"]
[PlyCount "87"]
[EventDate "2011.10.02"]
[EventType "team-tourn"]
[EventRounds "9"]
[EventCountry "GER"]
[SourceTitle "EXT 2015"]
[Source "ChessBase"]
[SourceDate "2014.11.20"]
[SourceVersion "1"]
[SourceVersionDate "2014.11.20"]
[SourceQuality "1"]
[WhiteTeam "Pang/Rosenheim II"]
[BlackTeam "Graefelfing"]
[WhiteTeamCountry "GER"]
[BlackTeamCountry "GER"]

1. d4 Nf6 2. c4 c5 3. d5 d6 4. Nc3 g6 5. e4 Bg7 6. h3 0-0 7. Nf3 Na6 8. Be3 Nc7 9. Be2 a6 10. a4 Rb8 11. a5 b5 12. axb6 Rxb6 13. Ra2 Nd7 14. 0-0 f5 15. exf5 Ne5 16. fxg6 Nxg6 17. Bd3 Qe8 18. Ng5 Ne5 19. Bxh7+ Kh8 20. Bb1 Rb4 21. b3 Bf5 22. Bxf5 Rxf5 23. Nce4 Qg6 24. f4 Nf7 25. g4 Nxg5 26. Nxg5 Rf8 27. f5 Qf6 28. Qd3 Rfb8 29. Ra3 Kg8 30. Bd2 R4b6 31. Kg2 Ne8 32. Rb1 Nc7 33. Nf3 Rf8 34. Ra2 Ne8 35. Bg5 Qf7 36. Re2 Nf6 37. Re6 Rfb8 38. Bd2 a5 39. Bxa5 Ra6 40. Bd2 Ra2 41. Kh1 Nd7 42. Ng5 Qe8 43. f6 Nxf6 44. Bc3 1-0

[Event "Oberliga Bayern 1112"]
[Site "Bayern"]
[Date "2011.10.23"]
[Round "2.7"]
[White "Heubusch, Michael"]
[Black "Spiesberger, Gerhard"]
[Result "1/2-1/2"]
[WhiteElo "2127"]
[BlackElo "2153"]
[PlyCount "31"]
[EventDate "2011.10.02"]
[EventType "team-tourn"]
[EventRounds "9"]
[EventCountry "GER"]
[SourceTitle "EXT 2013"]
[Source "ChessBase"]
[SourceDate "2012.11.22"]
[SourceVersion "1"]
[SourceVersionDate "2012.11.22"]
[SourceQuality "1"]
[WhiteTeam "Pang/Rosenheim"]
[BlackTeam "Rottal"]
[WhiteTeamCountry "GER"]
[BlackTeamCountry "GER"]

1. d4 e6 2. c4 Bb4+ 3. Bd2 Qe7 4. Nf3 f5 5. g3 Nf6 6. Bg2 0-0 7. Qc2 Nc6 8. a3 Bxd2+ 9. Nbxd2 d6 10. 0-0-0 e5 11. d5 Nd8 12. e4 fxe4 13. Ng5 Nf7 14. Ngxe4 Nxe4 15. Nxe4 Ng5 16. Nxg5 1/2-1/2

[Event "Regionalliga SO 1112"]
[Site "Bayern"]
[Date "2011.10.02"]
[Round "1.3"]
[White "Kern, Johannes"]
[Black "Heubusch, Michael"]
[Result "1-0"]
[WhiteElo "2177"]
[BlackElo "2127"]
[PlyCount "43"]
[EventDate "2011.10.02"]
[EventType "team-tourn"]
[EventRounds "9"]
[EventCountry "GER"]
[SourceTitle "EXT 2013"]
[Source "ChessBase"]
[SourceDate "2012.11.22"]
[SourceVersion "1"]
[SourceVersionDate "2012.11.22"]
[SourceQuality "1"]
[WhiteTeam "Trostberg"]
[BlackTeam "Pang/Rosenheim II"]
[WhiteTeamCountry "GER"]
[BlackTeamCountry "GER"]

1. e3 g6 2. f4 Bg7 3. Nf3 c5 4. d4 Nf6 5. Bd3 0-0 6. 0-0 cxd4 7. exd4 Qb6 8. c3 d6 9. Nbd2 Nc6 10. Qe1 Bg4 11. Qh4 Bxf3 12. Rxf3 Nxd4 13. cxd4 Qxd4+ 14. Kh1 e5 15. Nb3 Qa4 16. Rh3 e4 17. f5 Rfe8 18. Bg5 Nh5 19. Be2 Bxb2 20. Bxh5 Bxa1 21. Bxg6 hxg6 22. f6 1-0

[Event "Regionalliga SO 1011"]
[Site "Bayern"]
[Date "2010.10.10"]
[Round "1.2"]
[White "Kretschel, Klaus"]
[Black "Heubusch, Michael"]
[Result "0-1"]
[WhiteElo "2038"]
[BlackElo "2097"]
[PlyCount "89"]
[EventDate "2010.10.10"]
[EventType "team-tourn"]
[EventRounds "9"]
[EventCountry "GER"]
[SourceTitle "EXT 2012"]
[Source "ChessBase"]
[SourceDate "2011.11.24"]
[SourceVersion "1"]
[SourceVersionDate "2011.11.24"]
[SourceQuality "1"]
[WhiteTeam "Unterpfaff Germering"]
[BlackTeam "Trostberg"]
[WhiteTeamCountry "GER"]
[BlackTeamCountry "GER"]

1. f4 g6 2. Nf3 Bg7 3. Nc3 d5 4. d3 d4 5. Ne4 Nh6 6. g3 Nf5 7. Bg2 h5 8. 0-0 Nd7 9. c3 Nb6 10. cxd4 Nxd4 11. Nxd4 Qxd4+ 12. Nf2 c6 13. Qd2 Be6 14. e3 Qd7 15. a4 h4 16. Ne4 hxg3 17. hxg3 0-0-0 18. a5 Nd5 19. Qf2 Nb4 20. d4 Bc4 21. Rd1 Bb5 22. Bd2 Nd3 23. Qf3 Nxb2 24. Rdc1 Nc4 25. Rab1 Bxd4 26. exd4 Nxd2 27. Nxd2 Qxd4+ 28. Qf2 Qxf2+ 29. Kxf2 Rxd2+ 30. Kg1 a6 31. Re1 e6 32. Re5 Rhd8 33. Rbe1 Rd1 34. Rxd1 Rxd1+ 35. Kh2 Ra1 36. g4 Rxa5 37. f5 gxf5 38. gxf5 exf5 39. Rxf5 Kc7 40. Rxf7+ Kb6 41. Bh3 Ra2+ 42. Kg1 Ra1+ 43. Kh2 Ra2+ 44. Kg1 c5 45. Bg2 0-1

[Event "Oberliga Bayern 0809"]
[Site "Bayern"]
[Date "2008.10.26"]
[Round "2.6"]
[White "Heubusch, Michael"]
[Black "Martin, Thomas"]
[Result "0-1"]
[WhiteElo "2122"]
[BlackElo "2266"]
[PlyCount "60"]
[EventDate "2008.10.05"]
[EventType "team-tourn"]
[EventRounds "9"]
[EventCountry "GER"]
[SourceTitle "EXT 2020"]
[Source "ChessBase"]
[SourceDate "2019.10.17"]
[SourceVersion "1"]
[SourceVersionDate "2019.10.17"]
[SourceQuality "1"]
[WhiteTeam "Pang/Rosenheim"]
[BlackTeam "Nuernberg NT"]
[WhiteTeamCountry "GER"]
[BlackTeamCountry "GER"]

1. d4 Nf6 2. c4 g6 3. Nc3 Bg7 4. e4 d6 5. h3 e5 6. dxe5 dxe5 7. Qxd8+ Kxd8 8. Nf3 Nbd7 9. Be3 c6 10. 0-0-0 Kc7 11. c5 Bf8 12. Bc4 Bxc5 13. Bxc5 Nxc5 14. Nxe5 b5 15. Bxf7 b4 16. Ne2 Nfxe4 17. Rhf1 Nd6 18. f4 Ba6 19. Rfe1 Nxf7 20. Nxf7 Rhf8 21. Ne5 Rae8 22. Nd4 Rxf4 23. Ndxc6 Bb7 24. Rd5 Rxe5 25. Rexe5 Rc4+ 26. Kb1 Kxc6 27. Rd8 Kb6 28. Rd6+ Kc7 29. Rd2 Be4+ 30. Rxe4 Rxe4 0-1

[Event "Regionalliga SO 0708"]
[Site "Bayern"]
[Date "2008.01.20"]
[Round "5.1"]
[White "Lautner, Josef"]
[Black "Heubusch, Michael"]
[Result "1/2-1/2"]
[WhiteElo "2175"]
[BlackElo "2161"]
[PlyCount "24"]
[EventDate "2007.10.21"]
[EventType "team-tourn"]
[EventRounds "9"]
[EventCountry "GER"]
[SourceTitle "EXT 2009"]
[Source "ChessBase"]
[SourceDate "2008.11.26"]
[SourceVersion "1"]
[SourceVersionDate "2008.11.26"]
[SourceQuality "1"]
[WhiteTeam "Passau II"]
[BlackTeam "Pang/Rosenheim II"]
[WhiteTeamCountry "GER"]
[BlackTeamCountry "GER"]

1. d4 Nf6 2. c4 g6 3. f3 Bg7 4. e4 0-0 5. Nc3 d6 6. Bg5 Nc6 7. Nge2 Rb8 8. Qd2 Na5 9. b3 c5 10. Rd1 Be6 11. dxc5 dxc5 12. Qe3 Nd7 1/2-1/2

[Event "Regionalliga SO 0708"]
[Site "Bayern"]
[Date "2007.11.04"]
[Round "2.1"]
[White "Heubusch, Michael"]
[Black "Lammers, Markus"]
[Result "0-1"]
[WhiteElo "2161"]
[BlackElo "2353"]
[PlyCount "80"]
[EventDate "2007.10.21"]
[EventType "team-tourn"]
[EventRounds "9"]
[EventCountry "GER"]
[SourceTitle "EXT 2009"]
[Source "ChessBase"]
[SourceDate "2008.11.26"]
[SourceVersion "1"]
[SourceVersionDate "2008.11.26"]
[SourceQuality "1"]
[WhiteTeam "Pang/Rosenheim II"]
[BlackTeam "Ilmmuenster"]
[WhiteTeamCountry "GER"]
[BlackTeamCountry "GER"]

1. d4 Nf6 2. c4 c5 3. d5 e6 4. Nc3 exd5 5. cxd5 d6 6. e4 g6 7. Bd3 Bg7 8. Nge2 0-0 9. 0-0 a6 10. a4 Nbd7 11. h3 Re8 12. Ng3 Qc7 13. f4 c4 14. Bc2 Nc5 15. Qf3 Bd7 16. Be3 Rac8 17. Rad1 Qb6 18. Rf2 Re7 19. e5 dxe5 20. fxe5 Rxe5 21. Bd4 Qd6 22. Qf4 Rce8 23. Re2 Nxd5 24. Bxe5 Nxf4 25. Bxd6 Nxe2+ 26. Ngxe2 Nxa4 27. Ba3 Nxc3 28. Nxc3 Bc6 29. Bc5 Bxc3 30. bxc3 Re2 31. Rd8+ Kg7 32. Bf8+ Kf6 33. Rd6+ Ke5 34. Bd1 Rxg2+ 35. Kf1 Rh2 36. Rd4 Rxh3 37. Bg4 Rxc3 38. Rd2 Rd3 39. Re2+ Kf4 40. Bc8 g5 0-1

[Event "Regionalliga SO 0607"]
[Site "Bayern"]
[Date "2007.04.22"]
[Round "9.1"]
[White "Heubusch, Michael"]
[Black "Riedel, Wolfgang"]
[Result "1/2-1/2"]
[WhiteElo "2191"]
[BlackElo "2253"]
[PlyCount "53"]
[EventDate "2006.10.15"]
[EventType "team-tourn"]
[EventRounds "9"]
[EventCountry "GER"]
[SourceTitle "EXT 2008"]
[Source "ChessBase"]
[SourceDate "2007.11.25"]
[SourceVersion "1"]
[SourceVersionDate "2007.11.25"]
[SourceQuality "1"]
[WhiteTeam "Pang/Rosenheim II"]
[BlackTeam "Graefelfing"]
[WhiteTeamCountry "GER"]
[BlackTeamCountry "GER"]

1. d4 d5 2. c4 c6 3. Bf4 Nf6 4. Nf3 g6 5. cxd5 Nxd5 6. Be5 Nf6 7. e3 Bg7 8. Bc4 0-0 9. 0-0 Nbd7 10. Nbd2 Nxe5 11. Nxe5 Nd5 12. Ndf3 e6 13. a4 a5 14. Qd2 Nb4 15. Rfd1 Qe7 16. Rac1 b6 17. Be2 Bd7 18. Nc4 Rab8 19. Nfe5 Rfc8 20. b3 Be8 21. Nd3 Nxd3 22. Qxd3 c5 23. dxc5 Rxc5 24. Qd6 Qxd6 25. Nxd6 Rxc1 26. Rxc1 Bf8 27. Nxe8 1/2-1/2

[Event "Landesliga Sued 0607"]
[Site "Bayern"]
[Date "2007.02.25"]
[Round "6.8"]
[White "Heubusch, Michael"]
[Black "Englert, Jan"]
[Result "1/2-1/2"]
[WhiteElo "2191"]
[BlackElo "2035"]
[PlyCount "45"]
[EventDate "2006.10.15"]
[EventType "team-tourn"]
[EventRounds "9"]
[EventCountry "GER"]
[SourceTitle "EXT 2008"]
[Source "ChessBase"]
[SourceDate "2007.11.25"]
[SourceVersion "1"]
[SourceVersionDate "2007.11.25"]
[SourceQuality "1"]
[WhiteTeam "Pang/Rosenheim"]
[BlackTeam "Garching"]
[WhiteTeamCountry "GER"]
[BlackTeamCountry "GER"]

1. d4 d6 2. c4 e5 3. Nf3 e4 4. Ng5 f5 5. g3 Be7 6. h4 Nf6 7. Nc3 c6 8. b4 Na6 9. Qb3 Nc7 10. c5 d5 11. a4 0-0 12. Bf4 Nh5 13. Bxc7 Qxc7 14. Nxd5 cxd5 15. Qxd5+ Kh8 16. Nf7+ Rxf7 17. Qxf7 Nf6 18. h5 Bd6 19. Qb3 Bf8 20. e3 b6 21. h6 bxc5 22. hxg7+ Kxg7 23. Rc1 1/2-1/2

[Event "Regionalliga SO 0506"]
[Site "Bayern"]
[Date "2006.02.19"]
[Round "7.1"]
[White "Nikolac, Juraj"]
[Black "Heubusch, Michael"]
[Result "1-0"]
[WhiteElo "2449"]
[BlackElo "2172"]
[PlyCount "93"]
[EventDate "2005.10.23"]
[EventType "team-tourn"]
[EventRounds "9"]
[EventCountry "GER"]
[SourceTitle "EXT 2007"]
[Source "ChessBase"]
[SourceDate "2006.11.23"]
[SourceVersion "1"]
[SourceVersionDate "2006.11.23"]
[SourceQuality "1"]
[WhiteTeam "Dorfen PSV"]
[BlackTeam "Pang/Rosenheim II"]
[WhiteTeamCountry "GER"]
[BlackTeamCountry "GER"]

1. Nf3 g6 2. c4 Bg7 3. Nc3 c5 4. g3 Nc6 5. Bg2 e5 6. 0-0 Nge7 7. Ne1 0-0 8. Nc2 d6 9. Ne3 Be6 10. d3 Qd7 11. Ned5 Bh3 12. Ne4 Nxd5 13. Bxh3 Qxh3 14. cxd5 Ne7 15. Qb3 Qd7 16. Bh6 Kh8 17. Bxg7+ Kxg7 18. f4 b6 19. fxe5 dxe5 20. Nf6 Qd6 21. e4 Ng8 22. Ng4 f6 23. a4 Rab8 24. Qc3 h5 25. Ne3 Nh6 26. b3 Nf7 27. Ra2 Qe7 28. Rg2 Qd7 29. Qe1 b5 30. g4 h4 31. Qxh4 Ng5 32. Qg3 Rh8 33. h4 Rxh4 34. Rxf6 Qe7 35. Re6 Nxe6 36. Qxe5+ Kh7 37. dxe6 Rb6 38. Nd5 Rxe6 39. Qf4 Qg7 40. Rf2 bxa4 41. bxa4 a5 42. Kg2 Qe5 43. Qf7+ Kh6 44. Qf8+ Kg5 45. Qd8+ Kxg4 46. Rf4+ Qxf4 47. Nxf4 1-0

[Event "Regionalliga SO 0506"]
[Site "Bayern"]
[Date "2005.12.11"]
[Round "4.1"]
[White "Heubusch, Michael"]
[Black "Seisenberger, Georg"]
[Result "1/2-1/2"]
[WhiteElo "2172"]
[BlackElo "1987"]
[PlyCount "43"]
[EventDate "2005.10.23"]
[EventType "team-tourn"]
[EventRounds "9"]
[EventCountry "GER"]
[SourceTitle "EXT 2007"]
[Source "ChessBase"]
[SourceDate "2006.11.23"]
[SourceVersion "1"]
[SourceVersionDate "2006.11.23"]
[SourceQuality "1"]
[WhiteTeam "Pang/Rosenheim II"]
[BlackTeam "Ilmmuenster"]
[WhiteTeamCountry "GER"]
[BlackTeamCountry "GER"]

1. d4 Nf6 2. c4 e6 3. Nc3 Bb4 4. e3 b6 5. Bd3 Bb7 6. f3 d5 7. Nge2 0-0 8. 0-0 Nbd7 9. a3 Be7 10. b4 c6 11. Bb2 e5 12. Qb3 exd4 13. exd4 Bd6 14. c5 Bc7 15. Rae1 Nh5 16. g3 Re8 17. Qc2 Nf8 18. Bc1 Bc8 19. Kg2 g6 20. Ng1 Be6 21. f4 Ng7 22. Nf3 1/2-1/2

[Event "Regionalliga SO 0506"]
[Site "Bayern"]
[Date "2005.11.13"]
[Round "2.1"]
[White "Riedel, Wolfgang"]
[Black "Heubusch, Michael"]
[Result "1/2-1/2"]
[WhiteElo "2232"]
[BlackElo "2172"]
[PlyCount "33"]
[EventDate "2005.10.23"]
[EventType "team-tourn"]
[EventRounds "9"]
[EventCountry "GER"]
[SourceTitle "EXT 2007"]
[Source "ChessBase"]
[SourceDate "2006.11.23"]
[SourceVersion "1"]
[SourceVersionDate "2006.11.23"]
[SourceQuality "1"]
[WhiteTeam "Graefelfing SK"]
[BlackTeam "Pang/Rosenheim II"]
[WhiteTeamCountry "GER"]
[BlackTeamCountry "GER"]

1. c4 Nf6 2. Nc3 g6 3. g3 Bg7 4. Bg2 0-0 5. e4 Nc6 6. Nge2 e5 7. d3 d6 8. 0-0 Be6 9. Rb1 a5 10. h3 Qd7 11. Kh2 Ne8 12. f4 f5 13. Nd5 Nf6 14. Be3 Rae8 15. Qd2 b6 16. b3 Kh8 17. a3 1/2-1/2

[Event "Regionalliga SO 0405"]
[Site "Bayern"]
[Date "2004.12.12"]
[Round "4.5"]
[White "Reischl, Markus"]
[Black "Heubusch, Michael"]
[Result "0-1"]
[WhiteElo "2028"]
[BlackElo "2144"]
[PlyCount "114"]
[EventDate "2004.10.24"]
[EventType "team-tourn"]
[EventRounds "9"]
[EventCountry "GER"]
[SourceTitle "EXT 2007"]
[Source "ChessBase"]
[SourceDate "2006.11.23"]
[SourceVersion "1"]
[SourceVersionDate "2006.11.23"]
[SourceQuality "1"]
[WhiteTeam "Ilmmuenster"]
[BlackTeam "Pang/Rosenheim II"]
[WhiteTeamCountry "GER"]
[BlackTeamCountry "GER"]

1. d4 Nf6 2. c4 g6 3. Nc3 Bg7 4. e4 d6 5. Nf3 0-0 6. Be2 e5 7. 0-0 Nc6 8. d5 Ne7 9. Nd2 Ne8 10. b4 f5 11. c5 Nf6 12. f3 h5 13. Nc4 f4 14. a4 g5 15. h3 g4 16. hxg4 Ng6 17. Ba3 Rf7 18. b5 Bf8 19. a5 b6 20. cxd6 cxd6 21. Bb4 Rb8 22. g5 Ne8 23. Qe1 h4 24. axb6 axb6 25. Rf2 Qxg5 26. Kh1 Rh7 27. Bf1 h3 28. gxh3 Bxh3 29. Rh2 Bxf1 30. Qxf1 Rxh2+ 31. Kxh2 Rb7 32. Qg2 Qh4+ 33. Kg1 Rg7 34. Qh2 Qd8 35. Kf2 Qc7 36. Nd2 Qd7 37. Rh1 Be7 38. Qh3 Bh4+ 39. Ke2 Qxh3 40. Rxh3 Be7 41. Nc4 Nh4 42. Rh2 Rg1 43. Nxb6 Rc1 44. Rf2 Rc2+ 45. Ke1 Ng2+ 46. Kf1 Ne3+ 47. Kg1 Rc1+ 48. Kh2 Bh4 49. Rg2+ Nxg2 50. Kxg2 Rc2+ 51. Kh3 Bf2 52. Nc8 Nf6 53. Ne7+ Kf7 54. Nf5 Kg6 55. b6 Bg1 56. Nh4+ Kh5 57. Ng2 Nh7 0-1

[Event "Oberliga Bayern 0102"]
[Site "Bayern"]
[Date "2001.11.25"]
[Round "3.7"]
[White "Link, Ulrich"]
[Black "Heubusch, Michael"]
[Result "1-0"]
[WhiteElo "2110"]
[BlackElo "2185"]
[PlyCount "65"]
[EventDate "2001.10.07"]
[EventType "team"]
[EventRounds "9"]
[EventCountry "GER"]
[SourceTitle "EXT 2003"]
[Source "ChessBase"]
[SourceDate "2002.11.25"]
[SourceVersion "1"]
[SourceVersionDate "2002.11.25"]
[SourceQuality "1"]
[WhiteTeam "Krumbach"]
[BlackTeam "Rosenheim Pang"]
[WhiteTeamCountry "GER"]
[BlackTeamCountry "GER"]

1. d4 Nf6 2. Nf3 g6 3. Nbd2 d5 4. e3 Bg7 5. b4 0-0 6. Bd3 a5 7. b5 c5 8. bxc6 bxc6 9. Ba3 Na6 10. c3 Qc7 11. Rc1 Re8 12. 0-0 Nd7 13. c4 Qa7 14. Qa4 Nb4 15. Bxb4 axb4 16. Qxc6 Nf6 17. cxd5 Bb7 18. Qb5 Bxd5 19. Qxb4 Qxa2 20. e4 Be6 21. Rc7 Qa3 22. Qxa3 Rxa3 23. Bb5 Rb8 24. Be2 Ra2 25. d5 Bg4 26. Bc4 Ra5 27. Rxe7 Bf8 28. Rc7 Re8 29. d6 Be6 30. e5 Rxe5 31. Nxe5 Bxd6 32. Bxe6 fxe6 33. Nd7 1-0

[Event "Oberliga Bayern 0102"]
[Site "Bayern"]
[Date "2001.10.07"]
[Round "1.7"]
[White "Gerstner, Bernhard"]
[Black "Heubusch, Michael"]
[Result "1/2-1/2"]
[WhiteElo "2060"]
[BlackElo "2185"]
[PlyCount "57"]
[EventDate "2001.10.07"]
[EventType "team"]
[EventRounds "9"]
[EventCountry "GER"]
[SourceTitle "EXT 2003"]
[Source "ChessBase"]
[SourceDate "2002.11.25"]
[SourceVersion "1"]
[SourceVersionDate "2002.11.25"]
[SourceQuality "1"]
[WhiteTeam "Ingolstadt"]
[BlackTeam "Rosenheim Pang"]
[WhiteTeamCountry "GER"]
[BlackTeamCountry "GER"]

1. d4 Nf6 2. Nf3 g6 3. c4 Bg7 4. Nc3 0-0 5. Bg5 h6 6. Bh4 c5 7. e3 Na6 8. Be2 d6 9. h3 Bf5 10. 0-0 Rb8 11. Rc1 Re8 12. dxc5 Nxc5 13. Nd4 Bd7 14. Bf3 Ne6 15. Qd3 Nxd4 16. exd4 Bf5 17. Qd2 Qa5 18. Rfe1 e5 19. dxe5 dxe5 20. Qe3 e4 21. Be2 g5 22. Bg3 Rbd8 23. Red1 Bf8 24. Nd5 Nxd5 25. cxd5 Rxd5 26. Bc4 Rxd1+ 27. Rxd1 Rd8 28. Rxd8 Qxd8 29. Qxa7 1/2-1/2

[Event "Landesliga Sued 9596"]
[Site "Bayern"]
[Date "1996.05.19"]
[Round "9"]
[White "Heubusch, Michael"]
[Black "Reilein, Christian"]
[Result "1-0"]
[WhiteElo "2150"]
[BlackElo "2290"]
[PlyCount "73"]
[EventDate "1995.10.15"]
[EventType "team-tourn"]
[EventRounds "9"]
[EventCountry "GER"]
[SourceTitle "EXT 2020"]
[Source "ChessBase"]
[SourceDate "2019.10.17"]
[SourceVersion "1"]
[SourceVersionDate "2019.10.17"]
[SourceQuality "1"]
[WhiteTeam "Trostberg TSV"]
[BlackTeam "Ingolstadt"]
[WhiteTeamCountry "GER"]
[BlackTeamCountry "GER"]

1. d4 Nf6 2. c4 d6 3. Nc3 c6 4. Nf3 Bf5 5. Nh4 Bg6 6. Nxg6 hxg6 7. g3 e6 8. d5 exd5 9. cxd5 c5 10. Qb3 Qc8 11. e4 Nbd7 12. Bg2 a6 13. 0-0 Ng4 14. h3 Nge5 15. Be3 Be7 16. f4 c4 17. Qc2 Nd3 18. Rad1 Bf6 19. g4 b5 20. g5 Bd8 21. e5 dxe5 22. f5 gxf5 23. Rxf5 N7c5 24. Rdf1 Ra7 25. Ne4 Nxe4 26. Bxe4 Nc5 27. Rxe5+ Re7 28. Qf2 0-0 29. Rxe7 Bxe7 30. Bf5 Qc7 31. Qh4 g6 32. Bd4 f6 33. Bxg6 Bd6 34. gxf6 Be5 35. Bxe5 Qa7 36. f7+ Rxf7 37. Qh8# 1-0